00354nam a2200133Ia 4500003000400000008004100004020002300045040000800068100002400076245006700100260002900167300001300196365001100209LDD181029s9999 xx 000 0 und d a8181281829c225.00 cLDD aArnold, Vladimir I. 0aLectures on Partial Differential EquationscVladimir I. Arnold aNew YorkbSpringerc2006 ax, 157p. b225.00